00569nam a2200217Ia 4500008004100000020002200041050001600063050001400079100001900093245001400112245002200126245003800148260001400186260003100200260000900231300001600240300002000256300001100276500005100287650001300338160303s9999 xx 000 0 und d a978-0-273-72649-4 aMAIN GV 14  b.P34 2010 aPage, Stephen. aLeisure : ban introduction / cStephen J. Paige, Joanne Connell. aEngland : bPearson Education Limited. c2010 a518 pages : billustrations ; c24 cm. aIncludes bibliographical references and index. aLeisure.